La deuda externa: solicitud de un dictamen consultivo a la Corte Internacional de Justicia de la Haya

Saved in:
Bibliografiske detaljer
Main Authors: Franco Montoro, André (Author), Jiménez de Aréchaga, Eduardo (Author), Gros Espiell, Héctor (Author), Samtleben, Juergen (Author), Ossandon, Marcelo (Author), Espeche Gil, Miguel Angel (Author), Catalano, Pierangelo (Author), Caldera, Rafael (Author), Panizza, Roberto (Author), Schipani, Sandro (Author)
Format: Bog
Sprog:portugisisk
Udgivet: Sao Paulo Parlamento Latinoamericano 1994
Serier:Cuadernos del Parlatino, 2
Fag:
Tags: Tilføj Tag
Ingen Tags, Vær først til at tagge denne postø!

MARC

LEADER 00000nam a2200000 a 4500
001 UCG2078
003 CL-VaPUC
008 100610e19940200BL |||||||||||||||||por|d
082 0 4 |a 336.34098  |b FRA  |2 21 
100 0 |a Franco Montoro, André  |e author  |9 550346 
700 |a Jiménez de Aréchaga, Eduardo  |e author  |9 296241 
700 |a Gros Espiell, Héctor  |e author  |9 447027 
700 0 |a Samtleben, Juergen  |e author  |9 550349 
700 0 |a Ossandon, Marcelo  |e author  |9 550350 
700 0 |a Espeche Gil, Miguel Angel  |e author  |9 550351 
700 0 |a Catalano, Pierangelo  |e author  |9 550352 
700 0 |a Caldera, Rafael  |e author  |9 550353 
700 0 |a Panizza, Roberto  |e author  |9 550354 
700 0 |a Schipani, Sandro  |e author  |9 550355 
245 1 3 |a La deuda externa: solicitud de un dictamen consultivo a la Corte Internacional de Justicia de la Haya 
300 |a 115 p 
942 |c BK 
945 |d 20100610 00:00:00  |a dcastane 
260 |a Sao Paulo  |b Parlamento Latinoamericano  |c 1994 
650 7 |a DEUDA EXTERNA  |2 CL-VaPUC  |9 314619 
650 0 |a Hacienda pública  |9 258673 
650 7 |a CRISIS ECONOMICA  |2 CL-VaPUC  |9 550356 
650 7 |a BANCA PRIVADA  |2 CL-VaPUC  |9 452165 
650 7 |a ESTABILIZACION ECONOMICA  |2 CL-VaPUC  |9 379640 
583 |a last modification  |c 20100610 00:00:00  |k Rodrigo Vera 
490 0 |a Cuadernos del Parlatino, 2 
999 |c 341318  |d 341316 
952 |0 0  |1 0  |4 0  |6 336_340980000000000_FRA_1994  |7 0  |8 P  |9 436699  |a BIBDER  |b BIBDER  |d 2019-11-22  |i 4683633  |o 336.34098 FRA 1994  |p 4683633  |r 2023-01-25  |w 2019-11-22  |y BK  |k DER